Normal view
MARC view
- Steven R. Schmid
Entry Corporate Name
001 - CONTROL NUMBER
- control field: 123988
003 - CONTROL NUMBER IDENTIFIER
- control field: NUST
005 - DATE AND TIME OF LATEST TRANSACTION
- control field: 20240702162035.0
008 - FIXED-LENGTH DATA ELEMENTS
- fixed length control field: 240702|| aca||aabn | a|a d
040 ## - CATALOGING SOURCE
- Original cataloging agency: NUST
- Transcribing agency: NUST
110 ## - HEADING--CORPORATE NAME
- Corporate name or jurisdiction name as entry element: Steven R. Schmid
670 ## - SOURCE DATA FOUND
- Source citation: Work cat.: (NUST): Serope Kalpakjian 123987, Manufacturing Processes for Engineering Materials , 2007.
